00594nam a2200193Ia 4500008004100000020001800041082001200059100002000071245001900091250000800110260003800118300002300156500001900179600003300198650001500231942000700246952013000253999001700383240925s9999 xx 000 0 und d a9789332549272 a164 COP aCopi, Irving M. 0aSymbolic Logic a5th aIndia:bPearson Educationc,2016. a675p.b0fOriginal aIncludes Index aHumanities & Natural Science aPhilosophy cBK 001040708HUMaUITUbUITUd2019-02-03eAllied Book Companyg384.80l0o164 COPpQ14487r2024-09-25 07:17:19w2024-09-25yBK c16986d16986